Opening night Νύχτα πρεμιέρας

Η Τζίνα Ρόουλαντς πρωταγωνιστεί στο ρόλο της Μίρτλ Γκόρντον, μιας ηθοποιού του Μπρόντγουαιη που κάνει πρόβες για το τελευταίο της έργο, "Η δεύτερη γυναίκα", που αφορά μια γυναίκα ανίκανη να δεχθεί ότι γερνά. Όταν μια όμορφη, νεαρή της θαυμάστρια τραυματίζεται σε ένα αυτοκινητιστικό δυστύχη...

Πλήρης περιγραφή

Αποθηκεύτηκε σε:
Λεπτομέρειες βιβλιογραφικής εγγραφής
Άλλοι συγγραφείς: Cassavetes, John, 1929-1989 (Διευθυντής, Ηθοποιός), Rowlands, Gena (Ηθοποιός)
Μορφή: Διαφάνειες
Γλώσσα:English
Greek
Δημοσίευση: Αθήνα : ArtFree, 2004.
Σειρά:John Cassavetes collection
Θέματα:
Ετικέτες: Προσθήκη ετικέτας
Δεν υπάρχουν, Καταχωρήστε ετικέτα πρώτοι!

MARC

LEADER 00000cgm a2200000 i 4500
001 1/94070
008 080917s2004 gr ||| | || ||eng||
035 |l 10100238 
040 |a GR-MyUa  |b gre  |e AACR2 
041 0 |a eng  |j gre 
082 7 |a 791.437   |2 (22) 
245 0 0 |a Opening night   |h [μαγνητοσκόπηση] =   |b Νύχτα πρεμιέρας /   |c σκηνοθεσία Τζον Κασσαβέτης. 
246 1 |i Παράλληλος τίτλος:   |a Νύχτα πρεμιέρας  
260 |a Αθήνα :   |b ArtFree,   |c 2004. 
300 |a 1 βιντεοδίσκος (144 λεπτ.) :   |b ομίλ., έγχρ. ;   |c 4 3/4 ίν. 
490 1 |a (John Cassavetes collection) 
500 |a Κυκλοφόρησε πρώτη φορά ως κινηματογραφική ταινία το 1977. 
511 0 |a Τζίνα Ρόουλαντς, Τζον Κασσαβέτης, Μπεν Γκαζάρα, Τζόαν Μπλόντελ 
520 8 |a Η Τζίνα Ρόουλαντς πρωταγωνιστεί στο ρόλο της Μίρτλ Γκόρντον, μιας ηθοποιού του Μπρόντγουαιη που κάνει πρόβες για το τελευταίο της έργο, "Η δεύτερη γυναίκα", που αφορά μια γυναίκα ανίκανη να δεχθεί ότι γερνά. Όταν μια όμορφη, νεαρή της θαυμάστρια τραυματίζεται σε ένα αυτοκινητιστικό δυστύχημα, η Μίρτλ αρχίζει να συνειδητοποιεί τη δική της θνητότητα, βλέποντας οράματα με την κοπέλα. Καθώς η νύχτα πρεμιέρας πλησιάζει, η ηθοποιός φαίνεται πως έχει πια χάσει κάθε επαφή με την πραγματικότητα. 
546 |a Στα αγγλικά με υπότιτλους στα ελληνικά. 
650 0 |a Actresses  |v Drama. 
655 7 |a Feature films  |2 lcgft 
700 1 |a Cassavetes, John,   |d 1929-1989,  |e drt  |e act 
700 1 |a Rowlands, Gena,  |e act 
830 0 |a John Cassavetes collection 
852 |a INST  |b SYROS  |c AV  |e 20080917  |h 791.437 CAS  |p 005500005524  |q 005500005524  |t DVD  |y 23 
901 |a BIBL5-2008-1 
922 |a 5ΕΛΗ  |b 200709  |c Βιβλιοθήκη Σύρου  |d Anaco 
970 |a Κοντού  |b Παρασκευή  |z 17/09/2008